00345nam a2200121Ia 4500008004100000020001500041041001200056082002300068100006000091245001900151260003900170300001400209231217s9999 xx 000 0 und d a8126504536 aEnglish a001.6424J2 MCG;12 aMcGovern, James. Adatia, Rahim. Fain, Yakov. [et al...] 0aJ2EE 1.4 bible c2003bJohn Wiley & SonsaNew Delhi axxiv, 976